000 00670nam a2200229 i 4500
001 C2-0165580
003 PPAK
005 20210711153116.0
008 980611s1982 my |||| ||||| | may d
040 _aPPAK
_beng
_cPPAK
_erda
082 0 4 _a297.124
_223
090 0 0 _a297.124
_bLOT
_dKIH
100 0 _aLotfi Ismail,
_eauthor
245 1 0 _aInsan yang sempurna (Koleksi Hadis-hadis pilihan & diskripsi peribadi Rasulullah)
264 1 _aPetaling Jaya, Selangor :
_bPustaka Wijaya ,
_c1982
300 _a[26 pages] ;
_c19 cm
336 _2rdacontent
_atext
337 _2rdamedia
_aunmediated
338 _2rdacarrier
_avolume
650 1 0 _aHadith.
942 _cB
_2ddc
999 _c49096
_d49096